| 000 | 00598nam a2200193 a 4500 | ||
|---|---|---|---|
| 005 | 20210223124210.0 | ||
| 008 | 010619s1995 es r 000 0 spa d | ||
| 020 | _a8430926488 | ||
| 035 | _aUPN01000108613 | ||
| 049 | _aCG | ||
| 050 | 4 |
_aKKT4180 _bA7.4 |
|
| 245 | 0 | 3 |
_aLa atenuante y la agravante de parentesco / _cselec. Esteban Mestre Delgado. |
| 260 |
_aMadrid, Esp. : _bTecnos, _c1995. |
||
| 300 | _a68 p. | ||
| 440 | 0 |
_aJurisprudencia práctica ; _v91 |
|
| 650 | 4 |
_aVIOLENCIA FAMILIAR - _xLEYES Y LEGISLACION - _zESPAÑA _923862 |
|
| 700 | 1 |
_aMestre Delgado, Esteban, _ecomp. |
|
| 905 | _aLibro | ||
| 999 |
_c82525 _d82525 |
||